书目信息 |
| 题名: |
贾谊新书译注
|
|
| 作者: | 于智荣 译注 | |
| 分册: | ||
| 出版信息: | 哈尔滨 黑龙江人民出版社 2003 |
|
| 页数: | 329页 | |
| 开本: | 22cm | |
| 丛书名: | 二十二子详注全译 | |
| 单 册: | ||
| 中图分类: | B234.24 | |
| 科图分类: | ||
| 主题词: | 哲学--中国--楚汉战争时代 , 政论--中国--西汉时代 | |
| 电子资源: | ||
| ISBN: | 7-207-04394-5 | |
| 000 | 00852oam2 2200289 450 | |
| 001 | 080000011537 | |
| 005 | 20051205103859.42 | |
| 010 | @a7-207-04394-5@dCNY509.10(全套) | |
| 092 | @aCN | |
| 100 | @a20050627e20042003ekmy0chiy0120 ea | |
| 101 | 0 | @achi |
| 102 | @aCN@b230000 | |
| 105 | @ay z 000yy | |
| 200 | 1 | @a贾谊新书译注@9jia yi xin shu yi zhu@f于智荣译注@Fyu zhi rong yi zhu |
| 210 | @a哈尔滨@c黑龙江人民出版社@d2003@h2004重印 | |
| 215 | @a329页@d22cm | |
| 225 | 2 | @a二十二子详注全译@f韩格平,董莲池主编 |
| 461 | 0 | @12001 @a二十二子详注全译 |
| 600 | 0 | @a贾谊@f前200~前168@x政论 |
| 605 | @a新书@x译文 | |
| 606 | 0 | @a哲学@x中国@x楚汉战争时代 |
| 606 | 0 | @a政论@y中国@z西汉时代 |
| 690 | @aB234.24@v4 | |
| 701 | 0 | @a于智荣@Ayu zhi rong@4译注 |
| 801 | 0 | @aCN@bCXYBOOK@c20051205 |
| 905 | @a10447@dB234.24@e19 | |
| 999 | @aHSJ@eGLX | |
| 贾谊新书译注/于智荣译注.-哈尔滨:黑龙江人民出版社,2003(2004重印) |
| 329页;22cm.-(二十二子详注全译/韩格平,董莲池主编) |
| ISBN 7-207-04394-5:CNY509.10(全套) |
| ● |
| 相关链接 |
|
|
|
|
正题名:贾谊新书译注
索取号:B234.24/19
 
预约/预借
| 序号 | 登录号 | 条形码 | 馆藏地/架位号 | 状态 | 备注 |
| 1 | 0369795 | 203697954 | 第一样本阅览室/ [索取号:B234.24/19] | 在馆 | |
| 2 | 0369796 | 203697963 | 第一借阅区/ [索取号:B234.24/19] | 在馆 | |
| 3 | 0370008 | 203700085 | 第一借阅区/ [索取号:B234.24/19] | 在馆 | |
| 4 | 0370009 | 203700094 | 第一借阅区/ [索取号:B234.24/19] | 在馆 | |
| 5 | 0370010 | 203700101 | 第一借阅区/ [索取号:B234.24/19] | 在馆 |